000 01271nam0a2200325 i 4500
001 RU\NLR\BIBL_A\010745832
005 20241105131610.0
010 _a9785878656139
_9100
021 _aRU
_b2015-20160
_91204
035 _a(NILC)RuMoRGB-007893655
035 _a(NLR Aleph) 010745832
090 _a9923216
_c9923216
100 _a20150507d2015 u y0rusy50 ca
101 0 _arus
102 _aRU
105 _aa|||z||||||z|
200 1 _aШли письма с фронта
_fС. С. Кудашева
_gВосточная экономико-юридическая акад. (Акад. ВЭГУ)
210 _aУфа
_cАкадемия ВЭГУ
_d2015
215 _a34 с.
_cил., портр.
_d20
600 1 _aКудаш
_bС.
_f1894 - 1993
_gСайфи
_jПереписка
_91114560
_3RU\NLR\AUTH\66121045
606 _aПисатели башкирские
_jПереписка
_92437915
_3RU\NLR\AUTH\661450548
686 1 _aШ5(2=Баш)7-4Кудаш
686 1 _aШ5(2=Баш)7-4
700 1 _7ca
_8rus
_aКудашева
_bС. С.
_f1921-
_gСюембика Сайфиевна
_9163243
_3RU\NLR\AUTH\770163287
801 0 _aRU
_bРГБ
_c20150323
_gRCR
942 _cBOOK
980 _aNBR